Molecular and cellular glycobiology / (Record no. 329246)

000 -LEADER
fixed length control field 01468cam a22003374a 4500
001 - CONTROL NUMBER
control field 11982903
003 - CONTROL NUMBER IDENTIFIER
control field ASAB
005 - DATE AND TIME OF LATEST TRANSACTION
control field 20170428134456.0
008 - FIXED-LENGTH DATA ELEMENTS--GENERAL INFORMATION
fixed length control field 000421s2000 enka b 001 0 eng
010 ## - LIBRARY OF CONGRESS CONTROL NUMBER
LC control number 00032695
020 ## - INTERNATIONAL STANDARD BOOK NUMBER
International Standard Book Number 0199638071
020 ## - INTERNATIONAL STANDARD BOOK NUMBER
International Standard Book Number 0199638063 (pbk.)
040 ## - CATALOGING SOURCE
Transcribing agency ASAB
042 ## - AUTHENTICATION CODE
Authentication code pcc
050 00 - LIBRARY OF CONGRESS CALL NUMBER
Classification number QP702.G577
Item number M65 2000
082 00 - DEWEY DECIMAL CLASSIFICATION NUMBER
Classification number 612
Edition number 21
245 00 - TITLE STATEMENT
Title Molecular and cellular glycobiology /
Statement of responsibility, etc. edited by Minoru Fukuda and Ole Hindsgaul.
260 ## - PUBLICATION, DISTRIBUTION, ETC.
Place of publication, distribution, etc. Oxford ;
-- New York :
Name of publisher, distributor, etc. Oxford University Press,
Date of publication, distribution, etc. c2000.
300 ## - PHYSICAL DESCRIPTION
Extent xxi, 289 p. :
Other physical details ill. (some col.) ;
Dimensions 26 cm.
440 #0 - SERIES STATEMENT/ADDED ENTRY--TITLE
Title Frontiers in molecular biology ;
Volume/sequential designation 30
504 ## - BIBLIOGRAPHY, ETC. NOTE
Bibliography, etc. note Includes bibliographical references and index.
650 #0 - SUBJECT ADDED ENTRY--TOPICAL TERM
Topical term or geographic name entry element Glycoconjugates
General subdivision Physiological effect.
650 #0 - SUBJECT ADDED ENTRY--TOPICAL TERM
Topical term or geographic name entry element Carbohydrates
General subdivision Physiological effect.
650 #0 - SUBJECT ADDED ENTRY--TOPICAL TERM
Topical term or geographic name entry element Carbohydrates
General subdivision Metabolism
-- Disorders.
700 1# - ADDED ENTRY--PERSONAL NAME
Personal name Fukuda, Minoru,
Dates associated with a name 1945-
700 1# - ADDED ENTRY--PERSONAL NAME
Personal name Hindsgaul, Ole.
856 41 - ELECTRONIC LOCATION AND ACCESS
Materials specified Table of contents only
Uniform Resource Identifier <a href="http://www.loc.gov/catdir/toc/fy031/00032695.html">http://www.loc.gov/catdir/toc/fy031/00032695.html</a>
856 42 - ELECTRONIC LOCATION AND ACCESS
Materials specified Publisher description
Uniform Resource Identifier <a href="http://www.loc.gov/catdir/enhancements/fy0610/00032695-d.html">http://www.loc.gov/catdir/enhancements/fy0610/00032695-d.html</a>
906 ## - LOCAL DATA ELEMENT F, LDF (RLIN)
a 7
b cbc
c orignew
d 1
e ocip
f 20
g y-gencatlg
942 ## - ADDED ENTRY ELEMENTS (KOHA)
Source of classification or shelving scheme
Koha item type Book
Holdings
Withdrawn status Lost status Source of classification or shelving scheme Damaged status Not for loan Collection code Permanent Location Current Location Date acquired Total Checkouts Full call number Barcode Date last seen Price effective from Koha item type
            Atta-ur-Rahman School of Applied Biosciences (ASAB) Atta-ur-Rahman School of Applied Biosciences (ASAB) 04/28/2017   612 FUK ASAB2050 04/28/2017 04/28/2017 Book
© 2023 Central Library, National University of Sciences and Technology. All Rights Reserved.